The return of the future and questions about knowledge /

保存先:
書誌詳細
第一著者: Quijano, Aníbal
フォーマット: テキスト
タグ: タグ追加
タグなし, このレコードへの初めてのタグを付けませんか!

MARC

LEADER 00000 a a2200000 04500
001 48707
003
040
100 |a Quijano, Aníbal  
245 |a The return of the future and questions about knowledge /  |c Aníbal Quijano  
773 |g volumen 50, número 1, (2001), páginas 75-87  
999 |c 31856  |d 31856